| 000 | 00619pam a2200205 a 4500 | ||
|---|---|---|---|
| 005 | 20260205150223.0 | ||
| 008 | 890127s1989 ctu b 001 0 eng | ||
| 020 | _a0300044097 | ||
| 020 | _a0300049382 | ||
| 040 |
_aKABLIB _cKABLIB _erda |
||
| 082 | 0 | 0 |
_a321.8 _223 _bDAH |
| 100 | 1 |
_aDahl, Robert A., _d1915-2014. _915250 |
|
| 245 | 1 | 0 |
_aDemocracy and its critics / _cRobert A. Dahl. |
| 260 |
_aNew Haven : _bYale University Press, _cc1989. |
||
| 300 |
_aviii, 397 p. ; _c24 cm. |
||
| 500 | _aIncludes index. | ||
| 504 | _aIncludes bibliographical references (p. 375-384). | ||
| 650 | 0 | _aDemocracy. | |
| 942 |
_2ddc _cBOOK |
||
| 999 |
_c6077 _d6077 |
||